most common color surnames - Statistics

General Stats
  • This quiz has been taken 53 times
  • The average score is 5 of 16
Answer Stats
rank name % Correct
174 Black
98%
4 Brown
98%
24 White
94%
41 Green
92%
87 Gray
78%
241 Greene
35%
797 Browning
8%
699 Golden
8%
587 Weiss
8%
776 Whitehead
8%
285 Rojas
6%
345 Schwartz
6%
889 Blackburn
2%
741 Blackwell
2%
815 LeBlanc
2%
920 Blanchard
0%
No matching quizzes found
Score Distribution
Percent of People with Each Score
Percentile by Number Answered
Your Score History
You have not taken this quiz